The Fire (Record no. 576388)

MARC details
000 -LEADER
fixed length control field 00646nam a2200169Ia 4500
008 - FIXED-LENGTH DATA ELEMENTS--GENERAL INFORMATION
fixed length control field 250718s9999 xx 000 0 und d
020 ## - INTERNATIONAL STANDARD BOOK NUMBER
ISBN 9780231133814
082 ## - DEWEY DECIMAL CLASSIFICATION NUMBER
Classification number 940.54213
Item number FRI
100 ## - MAIN ENTRY--AUTHOR NAME
Personal name Friedrich, Jörg
245 #4 - TITLE STATEMENT
Title The Fire
260 ## - PUBLICATION, DISTRIBUTION, ETC. (IMPRINT)
Name of publisher Columbia University Press
Year of publication 2008
300 ## - PHYSICAL DESCRIPTION
Number of Pages 556 pages
500 ## - GENERAL NOTE
General note In the final phase of the World War II, the Allies launched a bombing campaign that inflicted unprecedented destruction on Germany. This work attempts to document life under the Allied bombing, and renders the annihilation of cities such as Dresden.
650 ## - SUBJECT ADDED ENTRY--TOPICAL TERM
Topical Term History
942 ## - ADDED ENTRY ELEMENTS (KOHA)
Koha item type English Books
Holdings
Withdrawn status Lost status Damaged status Not for loan Home library Current library Shelving location Date acquired Full call number Accession Number Price effective from Koha item type
        Anna Centenary Library Anna Centenary Library 7TH FLOOR, B WING 18.07.2025 940.54213 FRI 165240 18.07.2025 English Books

Find us on the map